[Event "AUT-chT2O 0304"]
[Site "Austria"]
[Date "2003.10.26"]
[Round "2.5"]
[White "Tanzler, Johann"]
[Black "Holzer, Gerhard"]
[Result "0-1"]
[WhiteElo "2136"]
[BlackElo "2245"]
[PlyCount "59"]
[EventDate "2003.10.25"]
[EventType "team-tourn"]
[EventRounds "11"]
[EventCountry "AUT"]
[SourceTitle "EXT 2005"]
[Source "ChessBase"]
[SourceDate "2004.11.15"]
[SourceVersion "1"]
[SourceVersionDate "2004.11.15"]
[SourceQuality "1"]
[WhiteTeam "Pamhagen SV Raiba"]
[BlackTeam "Donaustadt"]
[WhiteTeamCountry "AUT"]
[BlackTeamCountry "AUT"]

1. e4 c5 2. Nc3 e6 3. g3 b6 4. Bg2 Bb7 5. d3 d6 6. f4 Nf6 7. Nf3 Be7 8. 0-0 Nc6 9. Nh4 Nd7 10. Nf3 a6 11. Be3 Qc7 12. a3 Nf6 13. h3 d5 14. e5 Nd7 15. Bf2 0-0 16. Re1 b5 17. d4 b4 18. Ne2 bxa3 19. bxa3 cxd4 20. Bxd4 Nc5 21. Bxc5 Bxc5+ 22. Kh2 Rfc8 23. c4 dxc4 24. Qc2 h6 25. Qxc4 Na5 26. Qc3 Qd8 27. Red1 Bd5 28. Ne1 Bg1+ 29. Kxg1 Rxc3 30. Nxc3 0-1

[Event "Casino op 3rd"]
[Site "Velden"]
[Date "1995.??.??"]
[Round "5"]
[White "Petschar, Kurt"]
[Black "Tanzler, Johann"]
[Result "1-0"]
[WhiteElo "2285"]
[BlackElo "2225"]
[PlyCount "47"]
[EventDate "1995.06.30"]
[EventType "swiss"]
[EventRounds "9"]
[EventCountry "AUT"]
[SourceTitle "EXT 1997"]
[Source "ChessBase"]
[SourceDate "1996.11.15"]
[SourceVersion "1"]
[SourceVersionDate "1996.11.15"]
[SourceQuality "1"]

1. e4 e6 2. d4 d5 3. Nc3 Bb4 4. Nge2 dxe4 5. a3 Be7 6. Nxe4 Nf6 7. N2c3 0-0 8. Be3 Nbd7 9. Bd3 e5 10. 0-0 Nxe4 11. Bxe4 exd4 12. Bxd4 Nf6 13. Bf3 c6 14. Re1 Be6 15. Re3 Re8 16. Ne4 Bd5 17. Nxf6+ gxf6 18. Bc3 Qd6 19. Bxd5 Qxd5 20. Qe2 Kf8 21. Re1 Qd7 22. Qh5 Qd5 23. Qxh7 Qg5 24. Rg3 1-0